000 00321 a2200133 4500
000 nam a22 7a 4500
100 _aRamswaroop
110 _aRamswaroop
245 _aBharatiya santo ki mahima
250 _aLatest edition
260 _bNisha publication
_c2024
264 _bNisha publication
_c2024
942 _cBK
999 _c395920
_d395920